Blackpool Trivia - Statistics

General Stats
  • This quiz has been taken 14 times
  • The average score is 6 of 15
Answer Stats
Question Answer % Correct
What is Blackpool’s nickname? The {Seasiders}
93%
What is the name of Blackpool’s stadium? Bloomfield Road
86%
What is the surname of father and son Owen and Karl, who controversially owned Blackpool from 1987 until 2019? Oyston
64%
Which legendary footballer became the first recipient of the Ballon d’Or whilst playing for Blackpool in 1956? Stanley Matthews
64%
With which club does Blackpool contest the West Lancashire Derby? Preston North End
57%
Who is Blackpool’s record sale, joining Liverpool for £6.75m in 2011? Charlie Adam
50%
Which eccentric Blackpool manager, known for his one-liners, once said “I love Blackpool. We're very similar. We both look better in the dark.”? Ian Holloway
43%
Who scored Blackpool’s first-ever Premier League goal, in a 4-0 win over Wigan Athletic on the opening day of the 2010/11 season? Gary Taylor-Fletcher
36%
Which Englishman is Blackpool’s record appearance-maker with 627? Jimmy Armfield
36%
Who is the current head coach of Blackpool? Steve Bruce
36%
Who is Blackpool’s record signing, arriving from Leicester City for £1.25m in 2010? DJ Campbell
21%
Who scored a hat-trick as Blackpool beat Bolton Wanderers 4-3 in the 1953 FA Cup Final? Stan Mortensen
21%
Which manager guided Blackpool to the LDV Vans Trophy in 2002 and 2004? Steve McMahon
14%
Who is the current captain of Blackpool? James Husband
7%
Which Englishman is Blackpool’s record goalscorer with 252? Jimmy Hampson
7%
No matching quizzes found
Score Distribution
Percent of People with Each Score
Percentile by Number Answered
Your Score History
You have not taken this quiz